Statistiques concernant Pokémon-Tous les objets de la 2G

Cliquez ici pour prendre le quiz!

Statistiques générales

  • Ce quiz a été pris 8 fois
  • Le résultat moyen est 46 sur 222

Statistiques - réponses

Objet% Correct
Hyper Ball
100%
Master Ball
100%
Poké Ball
100%
Super Ball
100%
Hyper Potion
75%
Potion
75%
Super Potion
75%
Anti-Brule
63%
Antigel
63%
Baie
63%
CS01 (Coupe)
63%
CS02 (Vol)
63%
CS03 (Surf)
63%
CS04 (Force)
63%
CS05 (Flash)
63%
CS06 (Siphon)
63%
CS07 (Cascade)
63%
CT25 (Fatal-Foudre)
63%
Love Ball
63%
Lune Ball
63%
Masse Ball
63%
Speed Ball
63%
Anti-Para
50%
CT08 (Eclate-Roc)
50%
CT38 (Déflagration)
50%
Guérison
50%
Noigrume Blc
50%
Noigrume Blu
50%
Noigrume Jne
50%
Noigrume Noi
50%
Noigrume Rge
50%
Noigrume Ros
50%
Noigrume Ver
50%
Peau Métal
50%
Potion Max
50%
Rappel
50%
Total Soin
50%
Aile d'Argent
38%
Antidote
38%
Appât Ball
38%
Bicyclette
38%
Canne
38%
Charbon
38%
CT14 (Blizzard)
38%
CT26 (Séisme)
38%
CT28 (Tunnel)
38%
Ecailledraco
38%
GS Ball
38%
Herbe Rappel
38%
Lait Meumeu
38%
Méga Canne
38%
Niveau Ball
38%
Pierre Eau
38%
Pierre Feu
38%
Pierresoleil
38%
Queueramolos
38%
Rappel Max
38%
Roche Royale
38%
Super Canne
38%
Améliorator
25%
Arcenci'aile
25%
Bonbon Rage
25%
Carapuce à O
25%
Cendresacrée
25%
Cherch'Objet
25%
Copain Ball
25%
CT01 (Dynamopoing)
25%
CT04 (Roulade)
25%
CT11 (Zénith)
25%
CT15 (Ultralaser)
25%
CT17 (Abri)
25%
CT18 (Danse Pluie)
25%
CT24 (Dracosouffle)
25%
CT29 (Psyko)
25%
CT30 (Ball'Ombre)
25%
CT37 (Tempêtesable)
25%
Eau Fraîche
25%
Eau Mystique
25%
Elixir
25%
Grain Miracle
25%
Huile
25%
Huile Max
25%
Limonade
25%
Max Elixir
25%
Multi Exp
25%
Pierrefoudre
25%
Pierre Lune
25%
Pierreplante
25%
Pokématos
25%
Poképoupée
25%
Potionsecret
25%
Repousse
25%
Restes
25%
Réveil
25%
Soda Cool
25%
Superepousse
25%
Aimant
13%
Attaque +
13%
Bâton
13%
Carbone
13%
Carte Magn
13%
Corde Sortie
13%
CT02 (Coup d'Boule)
13%
CT10 (Puis.Cachée)
13%
CT19 (Giga-Sangsue)
13%
CT21 (Frustration)
13%
CT22 (Lance-Soleil)
13%
CT23 (Queue de Fer)
13%
CT27 (Retour)
13%
CT31 (Coud'Boue)
13%
CT32 (Reflet)
13%
CT39 (Météores)
13%
CT45 (Attraction)
13%
CT49 (Taillade)
13%
Cuillertordu
13%
Défense +
13%
Ecaillerouge
13%
Fer
13%
Glacéternel
13%
Lunet.Noires
13%
Max Repousse
13%
Morc.Etoile
13%
Parc Ball
13%
Passe
13%
Passe Bateau
13%
Pépite
13%
Pic Venin
13%
Pierre Stase
13%
Poudre Soin
13%
PP Plus
13%
Précision +
13%
Sable Doux
13%
Spécial +
13%
Super Bonbon
13%
Vitesse +
13%
Baie Amère
0%
Baie Antidot
0%
Baie Antipar
0%
Baie Brûlure
0%
Baie Dorée
0%
Baie Gel
0%
Baie Menthe
0%
Baie Miracle
0%
Baie Mystère
0%
Ballelumière
0%
Bandeau +
0%
Bec Pointu
0%
Boîte Jetons
0%
Boule Fumée
0%
Calcium
0%
Carte Bleue
0%
Ceint.Nature
0%
Clé Sous-Sol
0%
Coffre Luxe
0%
Coffre Nml
0%
Croc Dragon
0%
CT03 (Malédiction)
0%
CT05 (Hurlement)
0%
CT06 (Toxik)
0%
CT07 (Elecanon)
0%
CT09 (Boost)
0%
CT12 (Doux Parfum)
0%
CT13 (Ronflement)
0%
CT16 (Vent Glace)
0%
CT20 (Ténacité)
0%
CT33 (Poinglace)
0%
CT34 (Vantardise)
0%
CT35 (Blabla Dodo)
0%
CT36 (Bomb-Beurk)
0%
CT40 (Boul'Armure)
0%
CT41 (Poing-Eclair)
0%
CT42 (Dévorêve)
0%
CT43 (Détection)
0%
CT44 (Repos)
0%
CT46 (Larcin)
0%
CT47 (Aile d'Acier)
0%
CT48 (Poing de Feu)
0%
CT50 (Cauchemar)
0%
Défense Spéc
0%
Feuille Arg
0%
Feuille d'Or
0%
Glas Transp
0%
Grande Perle
0%
Gros Champi
0%
Jus de Baie
0%
Lentilscope
0%
Letrbleuciel
0%
Letrcharm
0%
Letrcielbleu
0%
Letr Evoli
0%
Letr Fleur
0%
Letr Mirage
0%
Letr Morph
0%
Letr Musique
0%
Letrportrait
0%
Letr Surf
0%
Masse Os
0%
Morc.Brique
0%
Muscle +
0%
Oeuf Chance
0%
Oeuf Mystère
0%
Partie Mach
0%
Perle
0%
Petit Champi
0%
Pièce Rune
0%
Pierre Dure
0%
Poing Chance
0%
Poudre Arg
0%
Poudreclaire
0%
Poudre Métal
0%
Poudrénergie
0%
Poupée Perdue
0%
Pous.Etoile
0%
Protéine
0%
PV Plus
0%
Racinénergie
0%
Ruban à Pois
0%
Ruban Rose
0%
Rune Purif
0%
Rune Sort
0%
Ticket Oeuf
0%
Vive Griffe
0%

Distribution des résultats

Percentile par nombre de réponses

% des personnes avec chaque résultat

Votre développement - résultats

Vous n’avez pas pris ce quiz